Contabilidad para artesanos (Registro nro. 19818)
[ vista simple ]
| 000 -CABECERA | |
|---|---|
| Campo de control | 00623nam a22002177a 4500 |
| 005 - FECHA Y HORA DE LA ULTIMA TRANSACCION | |
| Campo de control | 20180803170422.0 |
| 008 - ELEMENTOS DE LONGITUD FIJA—INFORMACION GENERAL | |
| Campo de control | 170908b ck ||||| |||| 00| 0 spa d |
| 040 ## - FUENTE DE CATALOGACIÓN | |
| Agencia catalogadora original | CO-BoIAVH |
| Agencia transcriptora | CO-BoIAVH |
| 041 ## - IDIOMA | |
| Código de idioma para texto/pista de sonido o título separado | Español |
| 044 ## - PAÍS DE PUBLICACIÓN | |
| País de publicación | Colombia |
| 082 ## - NUMERO DE CLASIFICACION DECIMAL DEWEY | |
| Número de clasificación | 657 |
| Número del ítem | A78c |
| 110 ## - ASIENTO PRINCIPAL--NOMBRE CORPORATIVO | |
| Nombre corporativo o de jurisdicción como elemento de entrada | Artesanías de Colombia |
| 9 (RLIN) | 694 |
| 245 10 - MENCION DE TITULO | |
| Título | Contabilidad para artesanos |
| 260 ## - PUBLICACION, DISTRIBUCION, ETC. (PIE DE IMPRENTA) | |
| Lugar de publicación, distribución, etc. | Bogotá: |
| Nombre del editor, distribuidor, etc. | Artesanías de Colombia, |
| Fecha de publicación, distribución, etc. | s.f. |
| 300 ## - DESCRIPCION FISICA | |
| Extensión | 42. páginas |
| Dimensiones | 27 x 20 cm |
| 650 14 - ASIENTO SECUNDARIO DE MATERIA - TERMINO TEMATICO | |
| Término temático o nombre geográfico como elemento de entrada | Contabilidad |
| Subdivisión de forma | Artesanos |
| 9 (RLIN) | 84228 |
| 650 14 - ASIENTO SECUNDARIO DE MATERIA - TERMINO TEMATICO | |
| Término temático o nombre geográfico como elemento de entrada | Mercadeo |
| 9 (RLIN) | 92308 |
| 650 14 - ASIENTO SECUNDARIO DE MATERIA - TERMINO TEMATICO | |
| Término temático o nombre geográfico como elemento de entrada | Proceso productivos |
| 9 (RLIN) | 84230 |
| 650 14 - ASIENTO SECUNDARIO DE MATERIA - TERMINO TEMATICO | |
| Término temático o nombre geográfico como elemento de entrada | Contabilidad |
| Subdivisión de forma | Básica |
| 9 (RLIN) | 84231 |
| 942 ## - ELEMENTOS ADICIONALES (KOHA) | |
| Sistema de clasificación | Dewey Decimal Classification |
| Tipo de ítem | Libro |
| Withdrawn status | Lost status | Sistema de Clasificación | Damaged status | No para préstamo | Colección | Ubicación Permanente | Ubicación actual | Fecha de adquisición | Total Checkouts | Número topográfico | Inventario / Código de Barras | Date last seen | Ejemplar | Price effective from | Forma de adquisición | Tipo de material |
|---|---|---|---|---|---|---|---|---|---|---|---|---|---|---|---|---|
| Dewey Decimal Classification | General | Bogotá | Bogotá | 08/09/2017 | LB-657 A78c | 005446 | 08/09/2017 | Ej. 1 | 08/09/2017 | Donación | Libro | |||||
| Dewey Decimal Classification | General | Bogotá | Bogotá | 08/09/2017 | LB-657 A78c | 005445 | 08/09/2017 | Ej. 2 | 08/09/2017 | Donación | Libro |